Pacific islands monthly.

Bibliographic Details
Format: Journal
Language:English
Published: Sydney : Pacific publications pty., ltd.
Subjects:

MARC

Tag First Indicator Second Indicator Subfields
LEADER 00000cas a2200000 a 4500
001 in00000216921
005 20190226104739.0
008 790329d19302000at mr p 0uuua0eng
010 |a  43020285  
019 |a 9212042  |a 9212096  |a 4795389  |a 1562786 
035 |a (OCoLC)01606263 
035 |9 AAY7532AM 
040 |a MUL  |c MUL  |d YUS  |d DLC  |d OCL  |d NSD  |d OCL  |d NST  |d TXA  |d UtOrBLW 
042 |a lc  |a nsdp 
043 |a po----- 
049 |a TXAE 
090 |a DU1  |b .P145 
210 0 |a Pac. Isl. mon. 
222 0 |a Pacific Islands monthly 
245 0 0 |a Pacific islands monthly. 
246 1 0 |a PIM  |f May 1976-Jan. 1980 
264 1 |a Sydney :  |b Pacific publications pty., ltd. 
300 |a volumes :  |b illustrations ;  |c 28 cm. 
310 |a Monthly 
336 |a text  |b txt  |2 rdacontent 
337 |a unmediated  |b n  |2 rdamedia 
338 |a volume  |b nc  |2 rdacarrier 
362 1 |a Began with Aug. 1930 issue.  |z Cf. Union list of serials; ceased with v. 70, no. 6 (June 2000). 
500 |a Description based on: Volume 47, number 5 (May 1976); title from cover. 
555 |a Vols. 1 (1930/31)-v. 15 (1944/45). 1 v. 
651 0 |a Oceania  |v Periodicals. 
949 |a updated  |b h  |c 2000/10/27  |e coplinger  |f 4:03:27 pm 
999 |a MARS 
999 f f |s adfccaea-aa31-31a4-b0a9-e3b7a68ddd2c  |i 257a618f-50ee-3271-8f86-50bc945dd1c4  |t 0 
952 f f |p ric  |a Texas A&M University  |b Rellis Campus  |c Joint Library Facility  |d Remote Storage  |t 0  |e DU1 .P145  |h Library of Congress classification  |i unmediated -- volume  |k v.59:no.18-23  |l 1989  |m A14812058202 
952 f f |p ric  |a Texas A&M University  |b Rellis Campus  |c Joint Library Facility  |d Remote Storage  |t 0  |e DU1 .P145  |h Library of Congress classification  |i unmediated -- volume  |k v.58:no.1-6  |l 1987  |m A14811370910 
952 f f |p ric  |a Texas A&M University  |b Rellis Campus  |c Joint Library Facility  |d Remote Storage  |t 0  |e DU1 .P145  |h Library of Congress classification  |i unmediated -- volume  |k v.53:no.7-12  |l 1982:July-Dec.  |m A14851874132 
952 f f |p ric  |a Texas A&M University  |b Rellis Campus  |c Joint Library Facility  |d Remote Storage  |t 0  |e DU1 .P145  |h Library of Congress classification  |i unmediated -- volume  |k v.54:no.7-12  |l 1983:July-Dec.  |m A14851874157 
952 f f |p ric  |a Texas A&M University  |b Rellis Campus  |c Joint Library Facility  |d Remote Storage  |t 0  |e DU1 .P145  |h Library of Congress classification  |i unmediated -- volume  |k v.64:no.1-6  |l 1994:Jan.-June  |m A14818843809 
952 f f |p ric  |a Texas A&M University  |b Rellis Campus  |c Joint Library Facility  |d Remote Storage  |t 0  |e DU1 .P145  |h Library of Congress classification  |i unmediated -- volume  |k v.57:no.7-12  |l 1986:July-Dec.  |m A14851874215 
952 f f |p ric  |a Texas A&M University  |b Rellis Campus  |c Joint Library Facility  |d Remote Storage  |t 0  |e DU1 .P145  |h Library of Congress classification  |i unmediated -- volume  |k v.66:no.1-6  |l 1995:Jan.-June  |m A14819872843 
952 f f |p ric  |a Texas A&M University  |b Rellis Campus  |c Joint Library Facility  |d Remote Storage  |t 0  |e DU1 .P145  |h Library of Congress classification  |i unmediated -- volume  |k v.56:no.7-12  |l 1985:July-Dec.  |m A14851874199 
952 f f |p ric  |a Texas A&M University  |b Rellis Campus  |c Joint Library Facility  |d Remote Storage  |t 0  |e DU1 .P145  |h Library of Congress classification  |i unmediated -- volume  |k v.54:no.1-6  |l 1983:Jan.-June  |m A14851874140 
952 f f |p ric  |a Texas A&M University  |b Rellis Campus  |c Joint Library Facility  |d Remote Storage  |t 0  |e DU1 .P145  |h Library of Congress classification  |i unmediated -- volume  |k v.50:no.1-6  |l 1979:Jan.-June  |m A14851874090 
952 f f |p ric  |a Texas A&M University  |b Rellis Campus  |c Joint Library Facility  |d Remote Storage  |t 0  |e DU1 .P145  |h Library of Congress classification  |i unmediated -- volume  |k v.70  |l 2000  |m A14826815844 
952 f f |p ric  |a Texas A&M University  |b Rellis Campus  |c Joint Library Facility  |d Remote Storage  |t 0  |e DU1 .P145  |h Library of Congress classification  |i unmediated -- volume  |k v.67:no.1-6  |l 1997:Jan.-June  |m A14822405639 
952 f f |p ric  |a Texas A&M University  |b Rellis Campus  |c Joint Library Facility  |d Remote Storage  |t 0  |e DU1 .P145  |h Library of Congress classification  |i unmediated -- volume  |k v.62:no.1-6  |l 1992:Jan.-June  |m A14817161961 
952 f f |p ric  |a Texas A&M University  |b Rellis Campus  |c Joint Library Facility  |d Remote Storage  |t 0  |e DU1 .P145  |h Library of Congress classification  |i unmediated -- volume  |k v.69  |l 1999  |m A14826399288 
952 f f |p ric  |a Texas A&M University  |b Rellis Campus  |c Joint Library Facility  |d Remote Storage  |t 0  |e DU1 .P145  |h Library of Congress classification  |i unmediated -- volume  |k v.52:no.1-6  |l 1981:Jan.-June  |m A14851874108 
952 f f |p ric  |a Texas A&M University  |b Rellis Campus  |c Joint Library Facility  |d Remote Storage  |t 0  |e DU1 .P145  |h Library of Congress classification  |i unmediated -- volume  |k v.55:no.1-6  |l 1984:Jan.-June  |m A14851874165 
952 f f |p ric  |a Texas A&M University  |b Rellis Campus  |c Joint Library Facility  |d Remote Storage  |t 0  |e DU1 .P145  |h Library of Congress classification  |i unmediated -- volume  |k v.57:no.1-6  |l 1986:Jan.-June  |m A14851874207 
952 f f |p ric  |a Texas A&M University  |b Rellis Campus  |c Joint Library Facility  |d Remote Storage  |t 0  |e DU1 .P145  |h Library of Congress classification  |i unmediated -- volume  |k v.59:no.7-12  |l 1988  |m A14811822771 
952 f f |p ric  |a Texas A&M University  |b Rellis Campus  |c Joint Library Facility  |d Remote Storage  |t 0  |e DU1 .P145  |h Library of Congress classification  |i unmediated -- volume  |k v.51:no.7-12  |l 1980  |m A14812179634 
952 f f |p ric  |a Texas A&M University  |b Rellis Campus  |c Joint Library Facility  |d Remote Storage  |t 0  |e DU1 .P145  |h Library of Congress classification  |i unmediated -- volume  |k v.68:no.1-6  |l 1998:Jan.-June  |m A14824889415 
952 f f |p ric  |a Texas A&M University  |b Rellis Campus  |c Joint Library Facility  |d Remote Storage  |t 0  |e DU1 .P145  |h Library of Congress classification  |i unmediated -- volume  |k v.56:no.1-6  |l 1985:Jan.-June  |m A14851874181 
952 f f |p ric  |a Texas A&M University  |b Rellis Campus  |c Joint Library Facility  |d Remote Storage  |t 0  |e DU1 .P145  |h Library of Congress classification  |i unmediated -- volume  |k v.67:no.7-12  |l 1997:July-Dec.  |m A14822405582 
952 f f |p ric  |a Texas A&M University  |b Rellis Campus  |c Joint Library Facility  |d Remote Storage  |t 0  |e DU1 .P145  |h Library of Congress classification  |i unmediated -- volume  |k v.58:no.7-12  |l 1987  |m A14811370960 
952 f f |p ric  |a Texas A&M University  |b Rellis Campus  |c Joint Library Facility  |d Remote Storage  |t 0  |e DU1 .P145  |h Library of Congress classification  |i unmediated -- volume  |k v.61:no.7-12  |l 1991:July-Dec.  |m A14816065942 
952 f f |p ric  |a Texas A&M University  |b Rellis Campus  |c Joint Library Facility  |d Remote Storage  |t 0  |e DU1 .P145  |h Library of Congress classification  |i unmediated -- volume  |k v.66:no.1-6  |l 1996:Jan.-June  |m A14821043751 
952 f f |p ric  |a Texas A&M University  |b Rellis Campus  |c Joint Library Facility  |d Remote Storage  |t 0  |e DU1 .P145  |h Library of Congress classification  |i unmediated -- volume  |k v.60:no.1-6  |l 1990:Jan.-June  |m A14814672604 
952 f f |p ric  |a Texas A&M University  |b Rellis Campus  |c Joint Library Facility  |d Remote Storage  |t 0  |e DU1 .P145  |h Library of Congress classification  |i unmediated -- volume  |k v.66:no.7-12  |l 1996:July-Dec.  |m A14821042056 
952 f f |p ric  |a Texas A&M University  |b Rellis Campus  |c Joint Library Facility  |d Remote Storage  |t 0  |e DU1 .P145  |h Library of Congress classification  |i unmediated -- volume  |k v.61:no.1-6  |l 1991:Jan.-June  |m A14816073115 
952 f f |p ric  |a Texas A&M University  |b Rellis Campus  |c Joint Library Facility  |d Remote Storage  |t 0  |e DU1 .P145  |h Library of Congress classification  |i unmediated -- volume  |k v.60:no.7-12  |l 1990:July-Dec.  |m A14814346732 
952 f f |p ric  |a Texas A&M University  |b Rellis Campus  |c Joint Library Facility  |d Remote Storage  |t 0  |e DU1 .P145  |h Library of Congress classification  |i unmediated -- volume  |k v.63:no.7-12  |l 1993:July-Dec.  |m A14817859938 
952 f f |p ric  |a Texas A&M University  |b Rellis Campus  |c Joint Library Facility  |d Remote Storage  |t 0  |e DU1 .P145  |h Library of Congress classification  |i unmediated -- volume  |k v.53:no.1-6  |l 1982:Jan.-June  |m A14851874124 
952 f f |p ric  |a Texas A&M University  |b Rellis Campus  |c Joint Library Facility  |d Remote Storage  |t 0  |e DU1 .P145  |h Library of Congress classification  |i unmediated -- volume  |k v.68:no.7-12  |l 1998:July-Dec.  |m A14824889724 
952 f f |p ric  |a Texas A&M University  |b Rellis Campus  |c Joint Library Facility  |d Remote Storage  |t 0  |e DU1 .P145  |h Library of Congress classification  |i unmediated -- volume  |k v.50:no.7-12  |l 1979  |m A14812199333 
952 f f |p ric  |a Texas A&M University  |b Rellis Campus  |c Joint Library Facility  |d Remote Storage  |t 0  |e DU1 .P145  |h Library of Congress classification  |i unmediated -- volume  |k v.49:no.7-12  |l 1978:July-Dec.  |m A14851874082 
952 f f |p ric  |a Texas A&M University  |b Rellis Campus  |c Joint Library Facility  |d Remote Storage  |t 0  |e DU1 .P145  |h Library of Congress classification  |i unmediated -- volume  |k v.55:no.7-12  |l 1984:July-Dec.  |m A14851874173 
952 f f |p ric  |a Texas A&M University  |b Rellis Campus  |c Joint Library Facility  |d Remote Storage  |t 0  |e DU1 .P145  |h Library of Congress classification  |i unmediated -- volume  |k v.62:no.7-12  |l 1992:July-Dec.  |m A14817151186 
952 f f |p ric  |a Texas A&M University  |b Rellis Campus  |c Joint Library Facility  |d Remote Storage  |t 0  |e DU1 .P145  |h Library of Congress classification  |i unmediated -- volume  |k v.52:no.7-12  |l 1981:July-Dec.  |m A14851874116 
952 f f |p ric  |a Texas A&M University  |b Rellis Campus  |c Joint Library Facility  |d Remote Storage  |t 0  |e DU1 .P145  |h Library of Congress classification  |i unmediated -- volume  |k v.59:no.13-17  |l 1989  |m A14812058252 
952 f f |p ric  |a Texas A&M University  |b Rellis Campus  |c Joint Library Facility  |d Remote Storage  |t 0  |e DU1 .P145  |h Library of Congress classification  |i unmediated -- volume  |k v.63:no.1-6  |l 1993:Jan.-June  |m A14817942600 
952 f f |p ric  |a Texas A&M University  |b Rellis Campus  |c Joint Library Facility  |d Remote Storage  |t 0  |e DU1 .P145  |h Library of Congress classification  |i unmediated -- volume  |k v.51:no.1-6  |l 1980  |m A14812143968 
952 f f |p ric  |a Texas A&M University  |b Rellis Campus  |c Joint Library Facility  |d Remote Storage  |t 0  |e DU1 .P145  |h Library of Congress classification  |i unmediated -- volume  |k v.64:no.7-12  |l 1994:July-Dec.  |m A14818843817 
952 f f |p ric  |a Texas A&M University  |b Rellis Campus  |c Joint Library Facility  |d Remote Storage  |t 0  |e DU1 .P145  |h Library of Congress classification  |i unmediated -- volume  |k v.49:no.1-6  |l 1978:Jan.-June  |m A14851874074 
952 f f |p ric  |a Texas A&M University  |b Rellis Campus  |c Joint Library Facility  |d Remote Storage  |t 0  |e DU1 .P145  |h Library of Congress classification  |i unmediated -- volume  |k v.59:no.1-6  |l 1988  |m A14811822721 
998 f f |a DU1 .P145  |s v.49-70 (1978-2000)  |t 0  |l Remote Storage